| 000 | 00681cam a22002052a 4500 | ||
|---|---|---|---|
| 001 | 008319 | ||
| 003 | AR-FADEU | ||
| 008 | 311216n1962####xxu####################dd | ||
| 092 |
_a338 _bB271 |
||
| 100 | _aBarre, Raymond | ||
| 245 | _aEl desarrollo económico : análisis y política | ||
| 260 | _aMéxico | ||
| 260 | _bFondo de Cultura Económica | ||
| 260 | _c1962 | ||
| 300 | _a173 p. : cuad | ||
| 440 |
_aPopular, tiempo presente _n37 |
||
| 500 | _aIncluye: App: p. 101-167 | ||
| 650 | _aECONOMIA-TEORIA; DESARROLLO ECONOMICO; DESARROLLO SOCIAL; PAISES EN DESARROLLO; CRECIMIENTO ECONOMICO; SUBDESARROLLO; PAISES SUBDESARROLLADOS; POLITICA ECONOMICA | ||
| 942 | _cBDGR | ||
| 999 |
_c14132 _d14132 |
||